00545nam a2200169Ia 4500008004100000020001500041041000800056082001600064100002300080245002700103250000600130260003900136300001200175650003300187999001900220952013600239210716s2005 xx 000 0 und d a8129712334 aeng a005.73 KAMA aKamthane, Ashok N. aC and data structures. a1 aNew DelhibPearson Educationc2005 axii,618 aData Structures & Algorithms c187581d187581 001040708MCAaAIMITbAIMITeHigginbothams Pvt Ltdg195.00l0o005.73 KAMApMCA07089r2026-05-23 00:00:00v156.00w2021-07-16yBK